| 000 | 00382nam a2200157Ia 4500 | ||
|---|---|---|---|
| 008 | 210719s1994 xx 000 0 und d | ||
| 041 | _aeng | ||
| 082 | _a821.008 SMIE | ||
| 100 | _aSMITH (R V) | ||
| 245 | _aExpression: a collection of poems. | ||
| 260 |
_aBanglore _bChetana Books _c1994 |
||
| 300 |
_aiv,28 _bPB |
||
| 365 | _cRs | ||
| 650 | _aEnglish Poetry | ||
| 906 | _aPoems | ||
| 999 |
_c212207 _d212207 |
||